书目信息 |
| 题名: |
微分几何学习指导与习题选解
|
|
| 作者: | 梅向明 , 王汇淳 编 | |
| 分册: | ||
| 出版信息: | 北京 高等教育出版社 2004 |
|
| 页数: | 209页 | |
| 开本: | 20cm | |
| 丛书名: | ||
| 单 册: | ||
| 中图分类: | O186.1 | |
| 科图分类: | ||
| 主题词: | 微分几何--高等学校 | |
| 电子资源: | ||
| ISBN: | 7-04-012946-9 | |
| 000 | 00814nam0 2200229 45 | |
| 001 | 070025640950 | |
| 005 | 20060315085353.51 | |
| 010 | @a7-04-012946-9@dCNY9.10 | |
| 100 | @a20040509d2004 ekmy0chiy0120 ea | |
| 101 | 0 | @achi |
| 102 | @aCN@b110000 | |
| 105 | @ay z 000yy | |
| 200 | 1 | @a微分几何学习指导与习题选解@Awei fen ji he xue xi zhi dao yu xi ti xuan jie@f梅向明,王汇淳编@FMei Xiang Ming,Wang Hui Chun Bian |
| 210 | @a北京@c高等教育出版社@d2004 | |
| 215 | @a209页@d20cm | |
| 330 | @a本书第一部分是学习指导,指出各章的理论要点,并通过例题提高对概念、定理的认知水平;第二部分是习题解答,书中对各类习题给出了详尽的分析和规范的题解。 | |
| 606 | 0 | @a微分几何@x高等学校 |
| 690 | @aO186.1@v4 | |
| 701 | 0 | @a梅向明@4编 |
| 701 | 0 | @a王汇淳@4编 |
| 801 | 0 | @aCN@bCXYBOOK@c20060315 |
| 905 | @dO186.1@e12=3(+) | |
| 微分几何学习指导与习题选解/梅向明,王汇淳编.-北京:高等教育出版社,2004 |
| 209页;20cm |
| ISBN 7-04-012946-9:CNY9.10 |
| 本书第一部分是学习指导,指出各章的理论要点,并通过例题提高对概念、定理的认知水平;第二部分是习题解答,书中对各类习题给出了详尽的分析和规范的题解。 |
| ● |
| 相关链接 |
|
|
|
|
正题名:微分几何学习指导与习题选解
索取号:O186.1/12=3(+)
 
预约/预借
| 序号 | 登录号 | 条形码 | 馆藏地/架位号 | 状态 | 备注 |
| 1 | 0349410 | 203494101 | 第三借阅区/ [索取号:O186.1/12=3(+)] | 在馆 | |
| 2 | 0349411 | 203494110 | 第三借阅区/ [索取号:O186.1/12=3(+)] | 在馆 | |
| 3 | 0349412 | 203494129 | 第三借阅区/ [索取号:O186.1/12=3(+)] | 在馆 | |
| 4 | 0349413 | 203494138 | 第三借阅区/ [索取号:O186.1/12=3(+)] | 在馆 | |
| 5 | 0349414 | 203494147 | 第三借阅区/ [索取号:O186.1/12=3(+)] | 在馆 | |
| 6 | 0357360 | 3573608 | 第二样本阅览室/ [索取号:O186.1/12=3(+)] | 在馆 | |
| 7 | 0357361 | 3573617 | 第三借阅区/ [索取号:O186.1/12=3(+)] | 在馆 | |
| 8 | 0357362 | 3573626 | 第三借阅区/ [索取号:O186.1/12=3(+)] | 在馆 | |
| 9 | 0357363 | 3573635 | 第三借阅区/ [索取号:O186.1/12=3(+)] | 在馆 | |
| 10 | 0357364 | 3573644 | 第三借阅区/ [索取号:O186.1/12=3(+)] | 在馆 |